| 000 | 01435cab a2200253 4500 | ||
|---|---|---|---|
| 001 | ABS56033 | ||
| 008 | 090401t1996 xxu||||| |||| 00| 0 eng d | ||
| 035 | _a(Sirsi) u20557 | ||
| 041 | _aeng | ||
| 100 | _aWilkinson, H. W. | ||
| 245 | _aWaiver of a breach of covenant | ||
| 260 | _c1996 | ||
| 350 | _a0 | ||
| 490 |
_aNew Law Journal _v146(6765) 25 October 1996, 1545-1546(2) |
||
| 520 | _aConsiders the accidental waiver of breaches of covenant with reference to "Cornillie v Saha and Bradford & Bingley Building Society". Mr and Mrs Saha purchased a long lease on flat 18, Mrs C brought flat 19 beneath. Mrs C found it was necessary to perform repairs due to water penetration from the flat above. Mr C later brought on his wife`s behalf the freehold reversion of the block. Mrs C asked for access to number 18 to carry out repair work on plumbing etc, it turned out the flat was sublet to numerous occupants. When Mr C asked for re-entry due to a breach of covenant it was argued that by requesting access to the other flat C had waived the breach of covenant. | ||
| 650 | _aBREACH OF COVENANT | ||
| 650 | _aCORNILLIE V SAHA AND BRADFORD AND BINGLEY BUILDING SOCIETY | ||
| 650 | _aLAW OF PROPERTY ACT 1925 S146 | ||
| 650 | _aSUBLETTING | ||
| 650 | _aWAIVER OF BREACH OF COVENANT | ||
| 690 | _aPROPERTY-RESIDENTIAL PROPERTY-RESIDENTIAL LANDLORD AND TENANT-RESIDENTIAL TENANCIES | ||
| 942 | _n0 | ||
| 948 | _c04/03/1997 | ||
| 999 |
_c13771 _d13771 |
||